Informačné zdroje o firemných informáciách na Slovensku

Saved in:
Bibliographic Details
Format: Book
Language:Slovak
Published: Bratislava CVTI SR 1999
Subjects:
Tags: Add Tag
No Tags, Be the first to tag this record!

MARC

LEADER 00000nam a2200000 4500
001 c117556
005 20240201124943.6
020 |a 80-85165-74-0 
041 0 |a slo 
044 |a SK 
245 1 0 |a Informačné zdroje o firemných informáciách na Slovensku 
264 1 |a Bratislava  |b CVTI SR  |c 1999 
300 |a 109 s. 
610 2 0 |a firmy 
610 2 0 |a služby informačné 
610 2 0 |a systémy informačné 
610 2 0 |a zdroje informácií 
610 2 0 |a organizácie 
610 2 0 |a združenia 
610 2 0 |a Slovensko